| 000 | 00593nam a2200121Ia 4500 | ||
|---|---|---|---|
| 008 | 171212s9999 xx 000 0 und d | ||
| 020 | _a9780833091673 | ||
| 100 | _aLempert, Robert J.;Warren, Drake;Henry, Ryan;Button, Robert W.;Klenk, Jonathan;Giglio, Kate | ||
| 245 |
_cLempert, Robert J.;Warren, Drake;Henry, Ryan;Button, Robert W.;Klenk, Jonathan;Giglio, Kate _aDefense Resource Planning Under Uncertainty _bAn Application of Robust Decision Making to Munitions Mix Planning |
||
| 260 |
_bRAND Corporation _c2016 |
||
| 650 | _aHistory | ||
| 856 | _uhttp://jstor.org/stable/10.7249/j.ctt19zbz7w | ||
| 999 |
_c351924 _d351924 |
||